Music Quiz

Random Music or Song Quiz

Guess the Green Day Song 4 Quiz Stats

 Plays Quiz not verified by Sporcle

Score 0/163 Timer 10:00
0 Plays Today
% Correct
the
95.5%
a
95.5%
a
95.5%
the
95.5%
And
95.5%
a
95.5%
the
95.5%
the
95.5%
a
95.5%
a
95.5%
the
95.5%
and
95.5%
a
95.5%
the
95.5%
the
95.5%
The
95.5%
The
95.5%
And
95.5%
the
95.5%
the
95.5%
I'll
94.9%
I
94.8%
I
94.7%
I
94.7%
I
94.7%
I
94.7%
I
94.7%
I
94.7%
I
94.7%
I
94.7%
I
94.7%
I
94.7%
you
77%
you
77%
She
65.1%
She's
65.1%
She's
65.1%
she
65%
She
65%
she
64.4%
me
62.5%
be
62%
to
61.5%
to
61.5%
to
61.5%
on
59.1%
It
58.8%
It
58.8%
it
58.7%
In
58%
in
58%
In
58%
in
58%
in
58%
of
56.8%
% Correct
of
56.8%
Whatever
51.4%
Whatever
51.4%
my
51.4%
my
51.3%
my
51.3%
my
51.3%
my
51.3%
time
48.2%
time
48.2%
are
48.1%
are
48.1%
all
47.5%
all
47.5%
can't
45.8%
can't
45.8%
If
45.3%
how
45.1%
how
45.1%
but
45.1%
but
45.1%
but
45.1%
Then
44.8%
then
44.8%
then
44.8%
not
43.9%
has
43.6%
has
43.6%
like
42.9%
like
42.9%
that
42.4%
Now
42.2%
Now
42.2%
been
42%
been
42%
out
41.9%
down
41.2%
dream
40.9%
only
39.9%
ever
39.9%
mind
39.7%
mind
39.7%
Whatsername
39.5%
Whatsername
39.5%
ol'
39.3%
street
39.1%
turn
39.1%
Thought
38.9%
did
38.8%
head
38.7%
head
38.7%
remember
38.3%
remember
38.3%
Remember
38.3%
Remember
38.3%
% Correct
Whatshisface
38.2%
into
38.1%
went
38.1%
went
38.1%
away
38%
away
38%
wonder
38%
wonder
38%
ran
37.4%
name
37.4%
name
37.4%
face
37.4%
face
37.4%
turned
37.3%
took
37%
took
37%
made
36.9%
made
36.9%
burn
36.8%
burn
36.8%
recall
36.7%
recall
36.7%
photographs
36.6%
photographs
36.6%
point
36.3%
point
36.3%
different
35.7%
different
35.7%
path
35.6%
Seems
35.6%
path
35.6%
seems
35.6%
seems
35.6%
never
35.6%
marry
34.6%
night
34.4%
forever
34.4%
forever
34.4%
back
34.2%
ago
34.1%
ago
34.1%
right
33.4%
without
33.2%
trace
32.2%
Forgetting
31.7%
memory
31.7%
disappeared
31.6%
useless
31.5%
useless
31.5%
darkest
31.3%
serves
30.5%
regrets
29.9%
Regrets
29.9%

You're not logged in!

Compare scores with friends on all Sporcle quizzes.
OR
Log In

Show Comments

Extras

Top Quizzes Today


Score Distribution

Your Account Isn't Verified!

In order to create a playlist on Sporcle, you need to verify the email address you used during registration. Go to your Sporcle Settings to finish the process.

Report this User

Report this user for behavior that violates our Community Guidelines.

Details: